| 000 | 00926cam a22002291 4500 | ||
|---|---|---|---|
| 001 | gs 26000044 | ||
| 003 | DLC | ||
| 005 | 20260227111330.0 | ||
| 008 | 771214s1925 ohu s001 0 eng c | ||
| 010 | _ags 26000044 | ||
| 035 | _a(OCoLC)3489830 | ||
| 040 |
_aU.S. Geol. Survey. Library _cOWoC _dDLC |
||
| 042 | _apremarc | ||
| 050 | 0 | 0 |
_aTD224.O3 _bF65 |
| 100 | 1 | _aFoulk, Charles William. | |
| 245 | 1 | 0 |
_aIndustrial water supplies of Ohio; _bwith chapters on impurities in water, methods of analysis and the statement of results and their interpretation, the behavior of water in use, and the industrial purification of water, _cby C. W. Foulk. |
| 260 |
_aColumbus, _a[Springfield, _bPrinted by the Kelly-Springfield Co.] _c1925. |
||
| 300 |
_a406 p. _btables. _c25 cm. |
||
| 490 | 0 | _aOhio. Geological survey. 4th ser. Bulletin 29 | |
| 500 | _aAt head of title: Geological Survey of Ohio. | ||
| 650 | 0 |
_aWater-supply _zOhio. |
|
| 999 |
_c26433 _d26433 |
||